Este é o Gus (Record no. 2039)
[ view plain ]
| 000 -Etiqueta do registo | |
|---|---|
| Valores | 00725nam a2200253 4500 |
| 010 ## - Número ISBN | |
| ISBN | 9789899265080 |
| 021 ## - Número do Depósito Legal | |
| Código do país | Portugal |
| Número | 548243/25 |
| 100 ## - Dados gerais de processamento | |
| Dados gerais | 20260130d2025 bc|y0pory50030103ba |
| 101 ## - Língua de publicação | |
| Língua | Português |
| 102 ## - País de publicação | |
| País | Portugal |
| 200 ## - Titulo e menção de responsabilidade | |
| Título próprio | Este é o Gus |
| Primeira menção de responsabilidade | texto e il. Chris Chatterton |
| Outras menções de responsabilidade | trad. Catarina Pedro |
| 205 ## - Menção da edição | |
| Edição | 1ª edição |
| 210 ## - Publicação | |
| Local de publicação | Costa da Caparica |
| Nome do editor | The Poets and Dragons Society |
| Data de publicação | 2025 |
| 215 ## - Descrição física | |
| Paginação / Volumes | [28] p. |
| Outras indicações físicas | todo il. |
| Dimensões | 28 cm |
| 300 ## - Notas gerais | |
| Texto da nota | BMB-Registado |
| 304 ## - Nota relativa ao título | |
| Texto de nota | Tít. orig.: This is Gus |
| 606 ## - Nome comum usado como assunto | |
| ID Autoridade | 863 |
| Palavra de ordem | Literatura Infantil |
| 675 ## - CDU | |
| Notação | 087.5 |
| Edição | BMB |
| Língua | por |
| 700 ## - Autor principal (pessoa individual) | |
| Apelido | Chatterton |
| Nome | Chris |
| ID Autoridade | 2922 |
| 702 ## - Autor secundário (pessoa individual) | |
| Apelido | Pedro |
| Nome | Catarina |
| Datas | 1989- |
| Função | Tradutor |
| ID Autoridade | 2923 |
| 801 ## - Fonte de origem | |
| País | PT |
| Agência | BMB |
| Regras de catalogação | RPC |
| 990 ## - Elementos KOHA | |
| Tipo de documento | Livro |
| Situação do levantamento | Estado | Número | Biblioteca de origem | Código de barras | Cota | Permissão de empréstimo | Tipo de documento | Forma de aquisição |
|---|---|---|---|---|---|---|---|---|
| 1 | Biblioteca Municipal de Borba | 1989 | 087.5 CHA / EST | Livro | Compra |